000 00266nam a2200097Ia 4500
008 240331s9999 xx 000 0 und d
082 _bASS
100 _aAssaad, Marie
245 0 _aEmpowering the next generation :
_bGirls of the Maqattam garbage settlement
942 _cL
999 _c1897
_d1897